| 000 | 01429cam a2200361 ib4500 | ||
|---|---|---|---|
| 999 |
_c3962 _d3962 |
||
| 001 | 769187 | ||
| 003 | INLPI | ||
| 005 | 20241126143939.0 | ||
| 008 | 171214t20212018nyua c 6 000 f eng d | ||
| 020 |
_a9781338741063 _q(hardback) : |
||
| 040 |
_aNjBwBT _beng _cNLPI _dNLPI _dKH8 _erda |
||
| 042 | _anbic | ||
| 082 | 0 | _a741.5973 PIL | |
| 100 | 1 |
_aPilkey, Dav, _d1966- _eauthor, _eillustrator. |
|
| 245 | 1 | 0 |
_aDog Man : _band Cat Kid / _cwritten and illustrated by Dav Pilkey, as George Beard and Harold Hutchins ; with color by Jose Garibaldi. |
| 264 | 1 |
_aNew York, New York : _bGraphix, an imprint of Scholastic Inc., _c2021. |
|
| 264 | 4 | _c©2018. | |
| 300 |
_a253 pages : _bcolor illustrations ; _c22 cm. |
||
| 336 |
_atext _btxt _2rdacontent. |
||
| 336 |
_astill image _bsti _2rdacontent. |
||
| 337 |
_aunmediated _bn _2rdamedia. |
||
| 338 |
_avolume _bnc _2rdacarrier. |
||
| 490 | 1 |
_aDog Man ; _v4. |
|
| 500 | _a"Treehouse Comix proudly presents."--Title page. | ||
| 520 | 8 | _aWhen a new sitter arrives and a movie star goes missing, Dog Man and Cat Kid investigate, but Petey, the world's most evil cat, complicates their case. | |
| 650 | 0 |
_aSuperheroes _vComic books, strips, etc. |
|
| 650 | 0 |
_aDogs _vComic books, strips, etc. |
|
| 650 | 0 |
_aCats _vComic books, strips, etc. |
|
| 650 | 0 |
_aGood and evil _vComic books, strips, etc. |
|
| 700 | 1 |
_aGaribaldi, Jose, _ecolorist. |
|
| 830 | 0 |
_aDog Man ; _v4. |
|
| 942 |
_2ddc _cNFIC |
||